000 00719nas a2200229 4500
001 BR0202136
003 BR-BrBNA
005 20231205102916.0
007 ta
008 230509b bl.|||p| |||| 00| 00por d
040 _aBR-BrBNA
_bpor
_cBiblioteca Nacional de Agricultura
041 _a(Pt)
072 _aE71
100 1 _aBrum, A.L.
245 1 _aA indexação do peso ao dólar e ao euro pode ser o modo menos doloroso de desvalorzar a moeda argentina
650 _aCOMÉRCIO EXTERIOR
650 _aMERCOSUL
650 _aDEPRESSAO ECONÔMICA
773 0 _tAgroanalysis (Brazil)
_xISSN 0100-4298
_g(Jun 2001), v. 21(5) p. 49-50
_wBR0202136
909 _a202311
_bLúcia
_c55
_dLúcia Elande
942 _2AGRIS
_n0
_cANA
999 _c170022
_d170022